7-Letter Clickagrams Quiz Stats

 Plays Quiz Updated Aug 30, 2016

Challenge
Share
Tweet
Score 0/30 Timer 06:00
0 Plays Today
% Correct
abridge
94.2%
basters
94%
avenger
93.8%
infests
93.6%
dragnet
93.3%
creeped
93.3%
caliper
93.1%
bedsore
93.1%
auction
93%
midterm
92.9%
deduces
92.9%
gunship
92.7%
tampons
92.6%
presume
92.6%
admirer
92.4%
% Correct
imparts
92.1%
amnesic
91.9%
rotates
91.9%
redhead
91.9%
insular
91.7%
mentors
91.6%
article
91.5%
ironies
91.1%
armrest
90.7%
emersed
90.5%
candies
90.4%
seaside
90.4%
endures
90.1%
insures
89.8%
elation
89.3%

You're not logged in!

Compare scores with friends on all Sporcle quizzes.
Join for Free
OR
Log In

You Might Also Like...

Show Comments

Extras

Top Quizzes Today


Score Distribution

Your Account Isn't Verified!

In order to create a playlist on Sporcle, you need to verify the email address you used during registration. Go to your Sporcle Settings to finish the process.

Report this User

Report this user for behavior that violates our Community Guidelines.

Details: